| 000 | 00624nam a22002057a 4500 | ||
|---|---|---|---|
| 003 | OSt | ||
| 008 | 260504b |||||||| |||| 00| 0 eng d | ||
| 082 |
_a633.18 _bP74E |
||
| 100 | _aPrasad, Mani Kant. | ||
| 245 |
_aEffect of Seed Rate, Methods of Seeding and Time of N-Application on Growth and Yield of Direct Seeded Irrigated Mid-Land Rice / _cby Mani Kant Prasad |
||
| 260 |
_a.- Sabour, Bhagalpur _b: Bihar Agricultural College, RAU _c, 1994 |
||
| 300 | _a99p. | ||
| 502 |
_bPh. D. _d1994 |
||
| 650 | _aAgronomy | ||
| 650 | _aRice | ||
| 650 | _aSeeding | ||
| 650 | _aThesis | ||
| 650 | _aPh. D. | ||
| 942 |
_2ddc _cT |
||
| 999 |
_c50410 _d50410 |
||